Anna O (Record no. 5033)

MARC details
000 -CABECERA
campo de control de longitud fija 01849nam a22002417a 4500
008 - DATOS DE LONGITUD FIJA--INFORMACIÓN GENERAL
campo de control de longitud fija 251013b |||||||| |||| 00| 0 eng d
020 ## - NÚMERO INTERNACIONAL ESTÁNDAR DEL LIBRO
Número Internacional Estándar del Libro 9780008607838
040 ## - FUENTE DE LA CATALOGACIÓN
Centro/agencia transcriptor tbs
041 ## - CÓDIGO DE LENGUA
Código de lengua del texto/banda sonora o título independiente eng
100 ## - ENTRADA PRINCIPAL--NOMBRE DE PERSONA
Nombre de persona Blake, Matthew
9 (RLIN) 25462
Término indicativo de función/relación author
245 ## - MENCIÓN DE TÍTULO
Título Anna O
Mención de responsabilidad, etc. / Matthew Blake.
260 ## - PUBLICACIÓN, DISTRIBUCIÓN, ETC.
Lugar de publicación, distribución, etc. London :
Nombre del editor, distribuidor, etc. HarperCollins Publishers Ltd,
Fecha de publicación, distribución, etc. 2025.
300 ## - DESCRIPCIÓN FÍSICA
Extensión 423 pages ;
Dimensiones 23 cm.
520 ## - SUMARIO, ETC.
Sumario, etc. The world will know her name. The average person spends 33 years of their life asleep. But, in this mysterious shadow world, how can we ever know who we really become? In 2019, Anna Ogilvy was a budding twenty-five-year-old writer with a bright future ahead of her. Then, one night, she stabbed two people to death with no apparent motive and hasn't woken up since. Her deep sleep is known by neurologists as 'resignation syndrome', a rare functional psychosomatic disorder. The tabloid press dubs her 'Sleeping Beauty'. Fast forward to the present day. Dr Benedict Prince is a forensic psychologist and an expert in the field of sleep-related homicides. As a consultant at The Abbey, a sleep clinic based in London's infamous Harley Street, he has studied patients who are held on murder charges; but they have no memory of their crimes. As Anna shows the first signs of stirring, Benedict must determine what really happened that night and whether or not she should be held criminally responsible for her actions when she finally wakes up. Only she knows the truth about that night, but only he knows how to discover it.
650 #0 - PUNTO DE ACCESO ADICIONAL DE MATERIA--TÉRMINO DE MATERIA
Término de materia o nombre geográfico como elemento de entrada Young women
Subdivisión de forma Fiction
9 (RLIN) 24099
650 #0 - PUNTO DE ACCESO ADICIONAL DE MATERIA--TÉRMINO DE MATERIA
Término de materia o nombre geográfico como elemento de entrada Sleep disorders
Subdivisión de forma Fiction
9 (RLIN) 26117
650 #0 - PUNTO DE ACCESO ADICIONAL DE MATERIA--TÉRMINO DE MATERIA
Término de materia o nombre geográfico como elemento de entrada Forensic psychologists
Subdivisión de forma Fiction
9 (RLIN) 26118
650 #0 - PUNTO DE ACCESO ADICIONAL DE MATERIA--TÉRMINO DE MATERIA
Término de materia o nombre geográfico como elemento de entrada Murder
Subdivisión de forma Fiction
9 (RLIN) 25440
650 #0 - PUNTO DE ACCESO ADICIONAL DE MATERIA--TÉRMINO DE MATERIA
Término de materia o nombre geográfico como elemento de entrada Thrillers (Fiction)
9 (RLIN) 12828
655 #0 - TÉRMINO DE INDIZACIÓN--GÉNERO/FORMA
Datos o término principal de género/forma Psychological fiction
9 (RLIN) 22456
655 #0 - TÉRMINO DE INDIZACIÓN--GÉNERO/FORMA
Datos o término principal de género/forma Detective and mystery fiction
9 (RLIN) 23664
942 ## - ELEMENTOS DE ENTRADA AGREGADA (KOHA)
Fuente del sistema de clasificación o colocación Clasificación de Library of Congress
Holdings
Estado de retiro Estado de pérdida Fuente del sistema de clasificación o colocación Estado dañado No para préstamo Biblioteca de origen Biblioteca actual Fecha de adquisición Total de préstamos Signatura topográfica completa Código de barras Fecha visto por última vez Fecha del último préstamo Número de copia Precio válido a partir de Tipo de ítem Koha
    Clasificación de Library of Congress     TBS Barcelona TBS Barcelona 13/10/2025 3 P-EN BLA B07675 10/02/2026 03/02/2026 1 13/10/2025 Book

Powered by Koha